000 00671nam a2200253Ia 4500
003 OSt
005 20221007072429.0
006 a|||||r|||| 00| 0
007 ta
008 221006b |||||||| |||| 00| 0 eng d
024 _a15,581
037 _cTextual
040 _aFLL
_cFLL
_beng
041 _2eng
_aeng
082 _aX627:Z3, J2
100 _aChalmers Au.
_9690643
245 0 _aBills of exchange
250 _a12th
260 _aLondon
_bStevens and sons limited London
_c1952
300 _a389p
_ccm.
700 _a Chedlow B. Au.
_9690644
942 _hX627:Z3, J2
_cTEXL
_2CC
999 _c1146051
_d1146051